000 002510000a22000970004500
100 1 _aBonilla A., Plutarco
245 1 0 _aLa mediación del prójimo en la oración
300 _aVol. 4, Núm 8 (1982), Páginas 35-55
773 0 _tPastoralia
942 _cANA
999 _c53291
_d53291